000
00285nam a22001217a 4500
020
_a
0070334307
082
_a
519.502433 KAZ
245
_a
Statistical analysis for business and economics
250
_a
2rd
260
_a
New york
_b
Mcgraw-hall
_c
1973
300
_a
xv,623p.
942
_c
BK
999
_c
16862
_d
16862